=LDR 00000nam 2200000 4500 =001 INLIS000000000034344 =005 20130612140244 =008 ***********************************ind** =035 ##$$0010-061300000034344 =041 ##$$a ind =082 ##$$a 150.3 =090 ##$$a R. 150.3, Cha k =100 ##$$a CHAPLIN, James P =245 ##$$a Kamus lengkap patologi, James P Chaplin ; penerjemah, Kartini Kartono =260 ##$$a 2006 $b Jakarta =300 ##$$a xxxii, 544 hlm, 25 cm =650 ##$$a Psikologi - Kamus =700 ##$$a Kartono, Kartini =850 ##$$a NBPNMAT